Logo BPK

Biblioteka

Politechniki Koszalińskiej

Laboratorium z rentgenografii strukturalnej / (Rekord nr 3368)

Szczegóły MARC
000 -ETYKIETA REKORDU
podpole kontrolne o stałej długości 00343nam a2200145 i 4500
001 - NUMER KONTROLNY REKORDU
pole kontrolne bg
040 ## - ŹRÓDŁO KATALOGOWANIA
Instytucja, która utworzyła rekord BPK
041 ## - KOD JĘZYKA
Kod języka tekstu pol
008 - POLE O STAŁEJ DŁUGOŚCI - DANE KONTROLNE
podpole kontrolne o stałej długości s pl f |000 0 pol
100 1# - NAZWA OSOBOWA
Nazwa osobowa SENCZYK, Dominik
245 #0 - TYTUŁ/ODPOWIEDZIALNOŚĆ
Tytuł Laboratorium z rentgenografii strukturalnej /
Pozostałe elementy strefy tytułu i oznaczenia odpowiedzialności D. Senczyk.
250 ## - STREFA WYDANIA
Oznaczenie wydania Wyd.2.
260 ## - STREFA ADRESU WYDAWNICZEGO
Miejsce wydania Poznań,
Data publikacji, dystrybucji/powstania dokumentu 1982.
856 ## - LOKALIZACJA I DOSTĘP DO ELEKTRONICZNYCH DOKUMENTÓW ZDALNYCH
Link (URL) http://koha.tu.koszalin.pl/cgi-bin/koha/opac-detail.pl?biblionumber=3368
Tekst linku Katalog online BPK
942 ## - DODATKOWE ELEMENTY (KOHA)
Typ dokumentu Książka
Egzemplarze
Wycofany Status egzemplarza Uszkodzony Dostępność Lokalizacja stała Lokalizacja bieżąca Miejsce przechowywania Sygnatura Kod kreskowy Typ dokumentu Ostatnio wypożyczono
      Dostępny Biblioteka Politechniki Koszalińskiej Biblioteka Politechniki Koszalińskiej Wypożyczalnia BG P 37028 01188394 Książka  
      Dostępny Biblioteka Politechniki Koszalińskiej Biblioteka Politechniki Koszalińskiej Wypożyczalnia BG P 37029 01999426 Książka  
      Dostępny Biblioteka Politechniki Koszalińskiej Biblioteka Politechniki Koszalińskiej Wypożyczalnia BG P 37030 01999433 Książka 13.10.2017
© 2023 Biblioteka Politechniki Koszalińskiej :: KOHA